000 00325nam a2200121Ia 4500
008 201214s9999 xx 000 0 und d
100 _aAlexander Hamilton Institute, Inc
245 0 _aCapital Management For Financial Executives
260 _aNew York
260 _bAlexander Hamilton Institute
300 _a129
942 _cBK
999 _c5877
_d5877